<?xml version="1.0" encoding="UTF-8"?>
<record
    xmlns:xsi="http://www.w3.org/2001/XMLSchema-instance"
    xsi:schemaLocation="http://www.loc.gov/MARC21/slim http://www.loc.gov/standards/marcxml/schema/MARC21slim.xsd"
    xmlns="http://www.loc.gov/MARC21/slim">

  <leader>02203nam a2200241Ia 4500</leader>
  <controlfield tag="001">b3730-26177 [5196]</controlfield>
  <controlfield tag="003">IT-MiCISF</controlfield>
  <controlfield tag="005">20251204113835.0</controlfield>
  <controlfield tag="008">161014s9999||||xx |||||||||||||| ||und||</controlfield>
  <datafield tag="040" ind1=" " ind2=" ">
    <subfield code="a">IT-MiCISF</subfield>
    <subfield code="c">IT-MiCISF</subfield>
  </datafield>
  <datafield tag="041" ind1=" " ind2=" ">
    <subfield code="a">it</subfield>
  </datafield>
  <datafield tag="100" ind1=" " ind2=" ">
    <subfield code="a">Donati Pierpaolo (a cura di)</subfield>
    <subfield code="9">59326</subfield>
  </datafield>
  <datafield tag="245" ind1=" " ind2="0">
    <subfield code="a">Quarto rapporto CISF sulla famiglia in Italia</subfield>
  </datafield>
  <datafield tag="260" ind1=" " ind2=" ">
    <subfield code="a">Cinisello B. (MI),</subfield>
    <subfield code="b">San Paolo,</subfield>
    <subfield code="c">1995</subfield>
  </datafield>
  <datafield tag="300" ind1=" " ind2=" ">
    <subfield code="a">pp. 425</subfield>
  </datafield>
  <datafield tag="500" ind1=" " ind2=" ">
    <subfield code="a">/ famiglia, rapporti-intergenerazionali, nuzialit&#xE0;, fecondit&#xE0;, single, valori, consumi, giovani, figli-adolescenti, psicoanalisi, devianza-minorile, diritto / </subfield>
  </datafield>
  <datafield tag="520" ind1=" " ind2=" ">
    <subfield code="a">Il Rapporto analizza cosa sta succedendo nella famiglia italiana considerata come reticolo intergenerazionale, ovvero in quanto sistema relazionale che, connettendo le generazioni fra loro - nel conflitto e nella solidariet&#xE0;, genera altre famiglie. La famiglia produce le generazioni e, a loro volta, le generazioni cambiano la famiglia. Oggigiorno molti percepiscono che si sono creati enormi squilibri fra le generazioni, e che la famiglia &#xE8; diventata il crocevia di nuovi conflitti generazionali, spesso latenti e solo alcune volte conclamati nella cronaca dei giornali (genitori che distruggono i figli; figli che uccidono i genitori). Ma qualche volta si legge anche di genitori che trovano nuovi motivi di solidariet&#xE0; verso i figli, e di figli che sentono nuove obbligazioni verso i genitori, in tutte le et&#xE0; della vita. Il fatto &#xE8; che la famiglia &#xE8; diventata l'ambito di problemi, scelte e decisioni che non si presentavano anche solo fino a qualche anno fa. Il Rapporto vuole aiutare a capire come e perch&#xE9; cambia la famiglia dal punto di vista dell'intreccio generazionale, cio&#xE8; di come funziona (o non funziona) la rete delle relazioni generazionali, e di come i cambiamenti in queste reti modificano la famiglia e con essa, il futuro della nostra societ&#xE0;.</subfield>
  </datafield>
  <datafield tag="650" ind1=" " ind2=" ">
    <subfield code="a">Famiglia</subfield>
  </datafield>
  <datafield tag="654" ind1=" " ind2=" ">
    <subfield code="a">rapporto</subfield>
  </datafield>
  <datafield tag="700" ind1=" " ind2=" ">
    <subfield code="a">Ancona L., De Bernart M., Calvi G., Collicelli C., Di Nicola F., Donati P., Golini A., </subfield>
    <subfield code="a">Lundari C., Marta E., Moro A.C., Padiglione V., Pontalti C., Scabini E., Silvestrini A. </subfield>
    <subfield code="9">62852</subfield>
  </datafield>
  <datafield tag="942" ind1=" " ind2=" ">
    <subfield code="c">BK</subfield>
    <subfield code="2">ddc</subfield>
  </datafield>
  <datafield tag="999" ind1=" " ind2=" ">
    <subfield code="c">213610</subfield>
    <subfield code="d">213610</subfield>
  </datafield>
  <datafield tag="999" ind1=" " ind2=" ">
    <subfield code="b">si</subfield>
  </datafield>
  <datafield tag="952" ind1=" " ind2=" ">
    <subfield code="0">0</subfield>
    <subfield code="1">0</subfield>
    <subfield code="4">0</subfield>
    <subfield code="6">B_373026177_5196</subfield>
    <subfield code="7">1</subfield>
    <subfield code="a">CISF</subfield>
    <subfield code="b">CISF</subfield>
    <subfield code="d">2016-10-14</subfield>
    <subfield code="l">0</subfield>
    <subfield code="o">b3730-26177 [5196]</subfield>
    <subfield code="r">2016-10-14 00:00:00</subfield>
    <subfield code="w">2016-10-14</subfield>
    <subfield code="y">BK</subfield>
    <subfield code="z">Data import 15.10.2016 / by Epidotti, Vaglietti</subfield>
  </datafield>
</record>
